Missing Word: 'M' Songs Quiz Stats

 Plays Quiz Updated Sep 20, 2012

Support Sporcle.
Go Orange.
Score 0/20 Timer 03:00
0 Plays Today
Song Answer % Correct
These Boots Are ______ For WalkinMade
97.7%
Sweet Child O' ______Mine
96.9%
______! I Feel Like a WomanMan
96.1%
______ Than a Feeling More
96%
Mamma ______Mia
95.4%
Send Her ______ LoveMy
95.4%
Don't Stop the ______Music
85.8%
Man in the ______Mirror
85.3%
Do You Believe in ______?Magic
82.8%
________ in a BottleMessage
79.9%
Song Answer % Correct
Stacy's ______Mom
79.2%
______ No. 5Mambo
76%
Dancing in the _______Moonlight
69.8%
______ You Feel My LoveMake
67.8%
Manic ______Monday
66.7%
1000 ______Miles
56.8%
______ WrenchMonkey
53.8%
Lady _______Marmalade
49.3%
______ VirginiaMeet
33.6%
______ the NightMarry
32.5%

Today's Daily Dose

Word Ladder
ING Words

Get the Picture
Nearest Volcano

From the Vault

'J' Blitz

by Flick

Note: Does not include the names of all the Duggar children.
Remove Ads.
Support Sporcle.
Get the best of Sporcle when you Go Orange. This ad-free experience offers more features, more stats, and more fun while also helping to support Sporcle. Thank you for becoming a member.

Show Comments

Extras

Top Quizzes Today


Score Distribution

Your Account Isn't Verified!

In order to create a playlist on Sporcle, you need to verify the email address you used during registration. Go to your Sporcle Settings to finish the process.

Report this User

Report this user for behavior that violates our Community Guidelines.

Details: